| 000 | 00681nam a2200253Ia 4500 | ||
|---|---|---|---|
| 001 | 48673 | ||
| 005 | 20240114003919.0 | ||
| 007 | ta | ||
| 008 | 090519s1979 g b000 u Eng u | ||
| 040 | _aCotton College Assam | ||
| 041 | _aEng | ||
| 082 |
_a800 _bJO 57 co |
||
| 100 | _aJotwani, Matilal . | ||
| 245 | 0 |
_aContemporary Indian Literature And Society / _cMotilal Jotwani. _hTextual Documents |
|
| 250 | _a1st ed. / | ||
| 260 |
_aNew Delhi : _bHeritage , _c1979. |
||
| 300 |
_axi,251p. ; _c22 cm.. |
||
| 653 | _aT/G-Literature | ||
| 653 | _aT/G-Literature | ||
| 653 | _aLiterature-Indian | ||
| 942 |
_2ddc _cBK |
||
| 999 |
_c48638 _d48638 |
||